000 01258nam a2200253 i 4500
001 161282
003 ES-MaACL
005 20250830062231.0
008 931025s1762 sp a |||| | spa d
100 1 _aPalafox y Mendoza, Juan de,
_d1600-1659
_9239354
245 1 0 _aObras del ilustrissimo, excelentissimo y venerable siervo de Dios, Don Juan de Palafox y Mendoza,... Obispo... de Osma... :
_btomo VII : notas a las Cartas, y auisos de Santa Teresa de Jesus, y varias poesías Espirituales del Venerable autor.
260 _aEn Madrid :
_ben la imprenta de Don Gabriel Ramirez...,
_c1762.
300 _a[18], 586 p. :
_bil. ;
_cFol.
530 _aDisponible en formato digital.
597 _aSign.: a-b4, c1, A-Z4, 2A-2Z4, 3A-3Z4, 4A-4D4, 4E.
597 _aPort. con grab. calc.
597 _aTexto a dos col. a partir de p. 401.
599 _aIlustraciones calc.: "Cruz inv. et sculp." y " Bombelli s."
600 0 0 _aTeresa de Jesús,
_cSanta,
_d1515-1582
_9226510
650 7 _aTeología pastoral
_2embne
_917472
852 4 _aES-MaACL
_jR-2013
_z- Enc. piel original de la época
856 4 _uhttps://bibliotecadigital.jcyl.es/es/consulta/registro.do?id=7217
_zBiblioteca Digital de Castilla y León
999 _c161282
_d161282